000 00489nam a2200193 a 4500
001 1768888605776
003 YourLibrary
005 20260120141447.0
008 260120s2009##################000#0#eng##
020 _a9780745642154
082 0 4 _a303.4833
_bHAL
100 1 _aHalavais, Alexander,
_eauthor.
245 1 0 _aSearch Engine Society :
260 _bPolity,
_c2009.
300 _a244 pages
650 0 _aComputers.
942 _cENGLISH
040 _aYourLibrary
_beng
_cYourLibrary
999 _c608684
_d608684